000 00407nam a2200145Ia 4500
008 191206s9999 xx 000 0 und d
020 _a571058086
090 _aPQ2603E378E53
245 0 _aWaiting for Godot: A tragicomedy in two acts
250 _a2nd ed
260 _aFaber and Faber
260 _ccc2008
300 _a"vii, 172 p. ; 25 cm."
999 _c17263
_d17263